Responses for Show #632 - Tuesday, May 12, 1987

1987 Senior Tournament quarterfinal game 2.

Contestants

[<< previous game]

Dan Zamos, a lawyer from Pittsburgh, Pennsylvania

Ruth Henoch, a teacher from Potomac, Maryland

Frank Dillon, a part-time high school sports writer originally from Cleveland, Ohio

[next game >>]

Jeopardy! Round responses

WORLD GEOGRAPHY
INITIALS
POULTRY
ANATOMY
BIOGRAPHIES
"SOME" SONGS
    $100 6
South America

Ruth
    $100 7
D.W. Griffith

Ruth
    $100 23
one day

Dan
    $100 19
(Dan: What is the forearm?)

arm

Dan
Triple Stumper
    $100 12
Erle Stanley Gardner

Ruth
    $100 1
"Someday My Prince Will Come"

Frank
    $200 14
Krakow

Dan
    $200 8
as soon as possible

Ruth
    $500 24
(Alex: "Surrey With The Fringe On Top".)

chicks & ducks & geese

Dan
    $200 20
tooth

Ruth
    $200 13
Margaret Mitchell

Frank
    $200 2
"Some Enchanted Evening"

Ruth
    $300 15
Sweden

Frank
    $300 9
(Dan: What is beef? Uh...What is beef?

U.S.D.A.

RuthDan
    $300 25
(Dan: What is the middle ear?)
...
[The end-of-round signal sounds.]

eardrum

FrankDan
    $300 17
Wallis Simpson or Duchess of Windsor

Frank
    $300 3
"Somewhere My Love"

Frank
    $400 16
(Dan: What is 3?)

2

RuthDan
    $400 10
Association

Frank
    $400 21
Oscar Wilde

Frank
    $400 4
"Something's Gotta Give"

Frank
    $500 18
Manaus

Dan
    $500 11
F.

Ruth
    $500 22
Oscar Levant

Triple Stumper
    $500 5
(Dan: "Somebody to Love"?)

"Someone to Watch Over Me"

FrankDan

Scores at the first commercial break (after clue 11):

Frank Ruth Dan
$1,700 $1,400 -$800

Scores at the end of the Jeopardy! Round:

Frank Ruth Dan
$3,200 $2,100 -$300

Double Jeopardy! Round responses

THE OLD WEST
CLASSIC CINEMA
FINANCIAL FIASCOS
PRESIDENTIAL QUOTES
AUTOMOBILES
HARD WOOD
    $200 2
The Jazz Singer

Frank
    $200 1
(Dan: Who is Franklin Roosevelt?)

John F. Kennedy

FrankDan
    $200 14
newspapers

Ruth
    $400 3
Going My Way

Frank
    $400 23
$2.28 million

Dan
    $400 7
Ronald Reagan

Ruth
    $400 24
[The end-of-round signal sounds.]

Lincoln

Ruth
    $400 15
(Dan: [Stares and scratches his head])

spoon

Dan
Triple Stumper
    $1,000 4
(Frank: Yes, he does. What are [*]?)

love & hate

Frank
    $600 22
Irving

Dan
    $600 8
(Frank: Who is Lyndon Baines Johnson?)
(Dan: Who is Ronald Reagan?)

Richard Nixon

FrankRuthDan
    $600 13
Edsel

Ruth
    $600 16
(Toronto) Maple Leafs

Dan
    $800 5
Alec Guinness

Ruth
    $800 20
Robert Vesco

Triple Stumper
    $800 9
Dwight Eisenhower

Ruth
    $800 11
(Dan: What is Renault?)

Peugeot

Dan
Triple Stumper
    $800 17
Green Lantern

Triple Stumper
    $1000 21
Cripple Creek

Triple Stumper
    $1000 6
David Lean

Frank
    $1000 19
Charles Ponzi

Triple Stumper
    $1000 10
Thomas Jefferson

Dan
    $1,000 12
Daimler & Benz

Dan
    $1000 18
(Dan: What is the 6th day?)

3rd day

Dan
Triple Stumper

Scores at the end of the Double Jeopardy! Round:

Frank Ruth Dan
$5,400 $5,900 $300

Final Jeopardy! Round responses

THE 1930s
DanWho are S. Temple & King Kong
$300
FrankWho are S. Temple and King Kong?
$2,600
RuthWho are Shirley Temple Temple and King Kong?
$4,900
Shirley Temple & King Kong

Final scores:

Frank Ruth Dan
$8,000 $10,800 $600
2nd place: $1,000 if eliminated Automatic semifinalist 3rd place: $1,000 if eliminated

Game dynamics:

Coryat scores:

Frank Ruth Dan
$5,000 $5,900 $0
15 R
(including 1 DD),
1 W
16 R,
0 W
9 R
(including 2 DDs),
10 W

Combined Coryat: $10,900

[game clues] [game scores] [suggest correction]

Game tape date: 1987-02-10
The J! Archive is created by fans, for fans. Scraping, republication, monetization, and malicious use prohibited; this site may use cookies and collect identifying information. See terms. The Jeopardy! game show and all elements thereof, including but not limited to copyright and trademark thereto, are the property of Jeopardy Productions, Inc. and are protected under law. This website is not affiliated with, sponsored by, or operated by Jeopardy Productions, Inc. Join the discussion at JBoard.tv.